El águila y la serpiente (Record no. 9669)
[ view plain ]
| 000 -CABECERA | |
|---|---|
| campo de control de longitud fija | 00713nam a2200253 a 4500 |
| 001 - NÚMERO DE CONTROL | |
| campo de control | BRL_857 |
| 005 - FECHA Y HORA DE LA ÚLTIMA TRANSACCIÓN | |
| campo de control | 20190320210928.0 |
| 008 - DATOS DE LONGITUD FIJA--INFORMACIÓN GENERAL | |
| campo de control de longitud fija | 181013c1962----mx-#######---#000-1#spa-# |
| 041 ## - CÓDIGO DE LENGUA | |
| Código de lengua del texto/banda sonora o título independiente | spa |
| 044 ## - CÓDIGO DEL PAÍS DE LA ENTIDAD EDITORA/PRODUCTORA | |
| Código MARC del país | mx |
| 050 #4 - SIGNATURA TOPOGRÁFICA DE LA BIBLIOTECA DEL CONGRESO | |
| Número de clasificación | PQ7297 |
| Número de documento/Ítem | .G89 1962 |
| 100 1# - ENTRADA PRINCIPAL--NOMBRE DE PERSONA | |
| Nombre de persona | Guzmán, Martín Luis |
| Fechas asociadas al nombre | 1887-1976 |
| 9 (RLIN) | 25149 |
| 245 10 - MENCIÓN DE TÍTULO | |
| Título | El águila y la serpiente |
| Mención de responsabilidad, etc. | Martín Luis Guzmán. |
| 250 ## - MENCIÓN DE EDICIÓN | |
| Mención de edición | 4 |
| 260 ## - PUBLICACIÓN, DISTRIBUCIÓN, ETC. | |
| Lugar de publicación, distribución, etc. | México |
| Nombre del editor, distribuidor, etc. | Compañía General de Ediciones |
| Fecha de publicación, distribución, etc. | 1962 |
| 300 ## - DESCRIPCIÓN FÍSICA | |
| Extensión | 455 p. |
| Dimensiones | 20 cm. |
| 440 #0 - MENCIÓN DE SERIE/PUNTO DE ACCESO ADICIONAL--TÍTULO | |
| Título | Colección Ideas, letras y vida |
| 9 (RLIN) | 25150 |
| 500 ## - NOTA GENERAL | |
| Nota general | Au951 |
| 500 ## - NOTA GENERAL | |
| Nota general | Ejemplar intonso |
| 650 14 - PUNTO DE ACCESO ADICIONAL DE MATERIA--TÉRMINO DE MATERIA | |
| Término de materia o nombre geográfico como elemento de entrada | novela mexicana |
| 9 (RLIN) | 25151 |
| 651 #4 - PUNTO DE ACCESO ADICIONAL DE MATERIA--NOMBRE GEOGRÁFICO | |
| Nombre geográfico | México |
| Subdivisión de forma | Novela |
| Subdivisión general | Historia |
| Subdivisión cronológica | 1910-1949 |
| 9 (RLIN) | 25152 |
| 902 ## - CATALOGADOR | |
| Iniciales | GRL |
| 942 ## - ELEMENTOS DE PUNTO DE ACCESO ADICIONAL (KOHA) | |
| Fuente del sistema de clasificación o colocación | Library of Congress Classification |
| Tipo de ítem Koha | Libros |
| Estado de retiro | Estado de pérdida | Estado dañado | No para préstamo | Localización permanente | Ubicación/localización actual | Fecha de adquisición | Número de inventario | Total de préstamos | Signatura topográfica completa | Código de barras | Fecha visto por última vez | Precio válido a partir de | Tipo de ítem Koha |
|---|---|---|---|---|---|---|---|---|---|---|---|---|---|
| El ejemplar forma parte de la colección y puede ser consultado según las políticas vigentes. | Biblioteca Centro de Estudios Ruth D. Lechuga | Biblioteca Centro de Estudios Ruth D. Lechuga | 18/10/2013 | Au951 | PQ7297 .G89 1962 (Au951) | GRL00926 | 22/03/2019 | 22/03/2019 | Libros |